A rovarok szemét fotózta - díja nyert Forster professzor sikerei a látványos tudományban /

Elmentve itt :
Bibliográfiai részletek
Szerzők: Gát László, Cs
Forster Tamás
Dokumentumtípus: Cikk
Megjelent: 2006-11-23
Sorozat:Délmagyarország 96 No. 274
Kulcsszavak:Forster Tamás, Szeged, Belgyógyász
Online Access:http://dmarchiv.bibl.u-szeged.hu/137287
LEADER 00586nab a2200169 i 4500
001 delm137287
005 20191205152122.0
008 191205s2006 hu o 0|| hun d
040 |a SZTE Délmagyarország Archívum  |b hun 
041 |a hun 
100 1 |a Gát László, Cs. 
245 1 2 |a A rovarok szemét fotózta - díja nyert   |h [elektronikus dokumentum] :  |b Forster professzor sikerei a látványos tudományban /  |c  Gát László, Cs. 
260 |c 2006-11-23 
300 |a 7 
490 0 |a Délmagyarország  |v 96 No. 274 
695 |a Forster Tamás, Szeged, Belgyógyász 
700 0 1 |a Forster Tamás  |e aut